[Event "Wroclaw Anderssen Memorial op-B"]
[Site "Wroclaw"]
[Date "2023.??.??"]
[Round "6"]
[White "Sikora, Rafal"]
[Black "Przybyla, Andrzej"]
[Result "1/2-1/2"]
[WhiteElo "1859"]
[BlackElo "1450"]
[PlyCount "112"]
[EventDate "2023.08.06"]
[EventType "swiss"]
[EventRounds "9"]
[EventCountry "POL"]
[SourceTitle "EXT 2024"]
[Source "ChessBase"]
[SourceDate "2023.10.10"]
[SourceVersion "1"]
[SourceVersionDate "2023.10.10"]
[SourceQuality "1"]

1. e4 c5 2. c3 Nf6 3. e5 Nd5 4. d4 cxd4 5. Nf3 Nc6 6. Bc4 Nb6 7. Bb3 d6 8. exd6 Qxd6 9. Na3 a6 10. cxd4 Be6 11. 0-0 Bxb3 12. Qxb3 Qb4 13. Qd3 e6 14. b3 Be7 15. Nc4 Nxc4 16. bxc4 Qd6 17. Rb1 Qd7 18. Be3 0-0 19. Rfd1 Bf6 20. d5 exd5 21. Qxd5 Qc8 22. Bb6 Ne7 23. Qd3 Qc6 24. c5 Nc8 25. Qd7 Qxd7 26. Rxd7 Nxb6 27. cxb6 Rab8 28. Rc1 Rfd8 29. Rxd8+ Rxd8 30. g4 h6 31. Rc7 Rb8 32. Rd7 Bd8 33. Rd6 Be7 34. Rd5 Rd8 35. Re5 Bf6 36. Rc5 Rd6 37. Ne5 Bxe5 38. Rxe5 Rxb6 39. Re7 Kf8 40. Rc7 Rb2 41. a4 Rb4 42. h3 b5 43. axb5 axb5 44. Kf1 Rb1+ 45. Kg2 b4 46. Rb7 b3 47. Kh2 b2 48. Kg2 Ke8 49. Kh2 Kd8 50. Kg2 Kc8 51. Rb3 Kc7 52. Rb4 Kc6 53. Rb3 Kc5 54. Rb8 Kd4 55. Rd8+ Kc3 56. Rc8+ Kd2 1/2-1/2

[Event "EU-ch rapid"]
[Site "Wroclaw"]
[Date "2014.12.20"]
[Round "1"]
[White "Sikora, Rafal"]
[Black "Alekseev, Evgeny V"]
[Result "0-1"]
[WhiteElo "1930"]
[BlackElo "2679"]
[PlyCount "42"]
[EventDate "2014.12.20"]
[EventType "swiss (rapid)"]
[EventRounds "11"]
[EventCountry "POL"]
[SourceTitle "CBM 164 Extra"]
[Source "ChessBase"]
[SourceDate "2015.03.02"]
[SourceVersion "1"]
[SourceVersionDate "2015.03.02"]
[SourceQuality "1"]

1. e4 c5 2. c3 d5 3. exd5 Qxd5 4. d4 Nf6 5. Nf3 e6 6. Be3 cxd4 7. cxd4 Bb4+ 8. Bd2 Bxd2+ 9. Nbxd2 Nc6 10. Bc4 Qd6 11. Bb5 Bd7 12. Bxc6 Bxc6 13. 0-0 0-0 14. Nc4 Qb4 15. Rc1 Rfc8 16. a3 Qe7 17. Nfe5 Be8 18. Qd2 Rc7 19. Ne3 Rd8 20. Rxc7 Qxc7 21. Rc1 Qxe5 0-1

[Event "Karpacz op"]
[Site "Karpacz"]
[Date "2013.07.30"]
[Round "9"]
[White "Lewtak, Dominik"]
[Black "Sikora, Rafal"]
[Result "1/2-1/2"]
[WhiteElo "1863"]
[BlackElo "1862"]
[PlyCount "85"]
[EventDate "2013.07.22"]
[EventType "swiss"]
[EventRounds "9"]
[EventCountry "POL"]
[SourceTitle "EXT 2014"]
[Source "ChessBase"]
[SourceDate "2013.11.20"]
[SourceVersion "1"]
[SourceVersionDate "2013.11.20"]
[SourceQuality "1"]

1. e4 e5 2. Nf3 Nc6 3. Bb5 a6 4. Ba4 Nf6 5. 0-0 b5 6. Bb3 Bb7 7. Re1 Bc5 8. c3 d6 9. d4 Bb6 10. Qd3 0-0 11. Nbd2 Re8 12. a4 exd4 13. cxd4 Nb4 14. Bxf7+ Kxf7 15. Qb3+ Nbd5 16. exd5 Rxe1+ 17. Nxe1 Bxd4 18. axb5 axb5 19. Rxa8 Qxa8 20. Qxb5 Bxd5 21. Ndf3 Bb6 22. Bg5 Bxf3 23. gxf3 Qa1 24. Qe2 Ba5 25. b4 Bxb4 26. Qc4+ Kg6 27. Qxb4 Kxg5 28. Kg2 c5 29. Qd2+ Kg6 30. Nc2 Qe5 31. Ne3 Qd4 32. Qc2+ Kf7 33. Qb3+ d5 34. Qb7+ Kg6 35. Qc7 h6 36. Qg3+ Kh7 37. Nf5 Nh5 38. Nxd4 Nxg3 39. fxg3 cxd4 40. Kf2 Kg6 41. Ke2 Kf6 42. Kd3 Ke5 43. f4+ 1/2-1/2

[Event "Karpacz op"]
[Site "Karpacz"]
[Date "2013.07.28"]
[Round "7"]
[White "Parol, Pawel"]
[Black "Sikora, Rafal"]
[Result "1/2-1/2"]
[WhiteElo "1995"]
[BlackElo "1862"]
[PlyCount "184"]
[EventDate "2013.07.22"]
[EventType "swiss"]
[EventRounds "9"]
[EventCountry "POL"]
[SourceTitle "EXT 2014"]
[Source "ChessBase"]
[SourceDate "2013.11.20"]
[SourceVersion "1"]
[SourceVersionDate "2013.11.20"]
[SourceQuality "1"]

1. d4 Nf6 2. c4 g6 3. Nc3 d5 4. e3 Bg7 5. Nf3 0-0 6. Bd3 c5 7. dxc5 Qa5 8. Nd4 Qxc5 9. Qe2 dxc4 10. Bxc4 Nc6 11. Nb3 Qg5 12. 0-0 b6 13. Rd1 Bb7 14. e4 Qh4 15. f3 Ne5 16. Be3 Rac8 17. Bf2 Qg5 18. Be3 Qh4 19. Ba6 Bxa6 20. Qxa6 Nc4 21. Bf2 Qg5 22. Nd5 Nxd5 23. Rxd5 Qf4 24. Rc1 Nd6 25. Rxc8 Nxc8 26. Qe2 Qc7 27. Qd2 Qc4 28. Rd7 Qa4 29. Nc1 Bxb2 30. Rc7 Be5 31. Qc2 Qxc2 32. Rxc2 Rd8 33. Kf1 Nd6 34. a4 Rc8 35. Rxc8+ Nxc8 36. Nd3 Bc7 37. Nb4 e6 38. h3 Kf8 39. Ke2 Ke7 40. Kd3 Bd6 41. Na2 Kd7 42. Nc3 a6 43. Kc4 Kc7 44. Nd1 Ne7 45. Ne3 Bc5 46. Bg3+ Kc6 47. Ng4 Bd6 48. Bh4 Ng8 49. Bg5 h5 50. Nf2 Ne7 51. Nd3 Nc8 52. g4 b5+ 53. axb5+ axb5+ 54. Kd4 Nb6 55. gxh5 gxh5 56. e5 Bf8 57. Nf4 Bc5+ 58. Kd3 Nc4 59. Bf6 Be3 60. Nxh5 Kd5 61. Bg7 Bg5 62. f4 Be7 63. Nf6+ Bxf6 64. Bxf6 b4 65. h4 b3 66. Kc3 Ke4 67. Kxb3 Ne3 68. Bg5 Kf5 69. h5 Ng4 70. Kc4 Nxe5+ 71. Kc5 Nf3 72. h6 Kg6 73. Kd6 f6 74. h7 Kxh7 75. Bxf6 Nh2 76. Kxe6 Kg8 77. Bd4 Ng4 78. Kf5 Nh6+ 79. Kg6 Nf7 80. Be5 Nd8 81. f5 Nf7 82. Bc7 Kf8 83. Bf4 Kg8 84. Kf6 Nh8 85. Ke6 Nf7 86. f6 Nh8 87. Bh6 Nf7 88. Bf4 Nh8 89. Ke7 Nf7 90. Ke8 Nh8 91. Bh6 Nf7 92. Bg7 Ng5 1/2-1/2

[Event "Karpacz op"]
[Site "Karpacz"]
[Date "2013.07.27"]
[Round "6"]
[White "Sikora, Rafal"]
[Black "Mucha, Marek"]
[Result "1-0"]
[WhiteElo "1862"]
[BlackElo "1559"]
[PlyCount "64"]
[EventDate "2013.07.22"]
[EventType "swiss"]
[EventRounds "9"]
[EventCountry "POL"]
[SourceTitle "EXT 2014"]
[Source "ChessBase"]
[SourceDate "2013.11.20"]
[SourceVersion "1"]
[SourceVersionDate "2013.11.20"]
[SourceQuality "1"]

1. e4 e6 2. d4 d5 3. Nd2 dxe4 4. Nxe4 Bd7 5. Nf3 Bc6 6. Bd3 Nd7 7. Qe2 Ngf6 8. 0-0 Be7 9. c4 0-0 10. b3 Nxe4 11. Bxe4 Bxe4 12. Qxe4 c6 13. Bb2 a5 14. Rad1 Re8 15. d5 exd5 16. cxd5 cxd5 17. Qxd5 Nf6 18. Qxb7 Qc8 19. Qxc8 Rexc8 20. Rc1 Rcb8 21. Nd4 Rb6 22. Rc6 Rab8 23. Rfc1 Bf8 24. Rxb6 Rxb6 25. Rc6 Rb8 26. Ra6 Bb4 27. g3 h6 28. Nc6 Re8 29. Nxb4 axb4 30. Bxf6 Re1+ 31. Kg2 gxf6 32. Rxf6 Kg7 1-0

[Event "Karpacz op"]
[Site "Karpacz"]
[Date "2013.07.25"]
[Round "4"]
[White "Sikora, Rafal"]
[Black "Dwilewicz, Agata"]
[Result "1-0"]
[WhiteElo "1862"]
[BlackElo "1502"]
[PlyCount "75"]
[EventDate "2013.07.22"]
[EventType "swiss"]
[EventRounds "9"]
[EventCountry "POL"]
[SourceTitle "EXT 2014"]
[Source "ChessBase"]
[SourceDate "2013.11.20"]
[SourceVersion "1"]
[SourceVersionDate "2013.11.20"]
[SourceQuality "1"]

1. e4 e5 2. Nf3 Nc6 3. Bc4 Bc5 4. c3 Nf6 5. d4 exd4 6. e5 d5 7. Bb5 Ne4 8. cxd4 Bb4+ 9. Bd2 Bxd2+ 10. Nbxd2 Bf5 11. Rc1 Nxd2 12. Bxc6+ bxc6 13. Nxd2 Bd7 14. Nb3 0-0 15. 0-0 Rb8 16. Qd2 Re8 17. Nc5 Qe7 18. Rc3 Rb6 19. Rfc1 Reb8 20. b3 Be8 21. Rg3 Rd8 22. Rcc3 f6 23. exf6 Qxf6 24. Rcf3 Qe7 25. Re3 Qf6 26. Ne6 Rd7 27. Rgf3 Qe7 28. Nc5 Qd8 29. Nxd7 Bxd7 30. h3 Rb5 31. Qe2 c5 32. Re7 Rb6 33. Rff7 Be6 34. Rxg7+ Kh8 35. Rxh7+ Kg8 36. Reg7+ Kf8 37. Qf3+ Ke8 38. Rh8+ 1-0

[Event "Ogolnopolski-ch 55th"]
[Site "Zamosc"]
[Date "2013.??.??"]
[Round "6"]
[White "Daniel, Damian"]
[Black "Sikora, Rafal"]
[Result "1/2-1/2"]
[WhiteElo "1898"]
[BlackElo "1862"]
[PlyCount "146"]
[EventDate "2013.06.07"]
[EventType "swiss"]
[EventRounds "9"]
[EventCountry "POL"]
[SourceTitle "EXT 2014"]
[Source "ChessBase"]
[SourceDate "2013.11.20"]
[SourceVersion "1"]
[SourceVersionDate "2013.11.20"]
[SourceQuality "1"]

1. d4 Nf6 2. c4 g6 3. Nc3 d5 4. e3 Bg7 5. Nf3 0-0 6. cxd5 Nxd5 7. Be2 c5 8. 0-0 Nc6 9. Qb3 Nxc3 10. bxc3 cxd4 11. cxd4 b6 12. Ba3 Bb7 13. Rac1 Na5 14. Qa4 Bf6 15. Bb4 Qd5 16. Bxa5 Qxa5 17. Qxa5 bxa5 18. Rc5 Rfc8 19. Rxa5 Rc2 20. Bd1 Rc3 21. Ne5 e6 22. Bf3 Bxf3 23. Nxf3 Bd8 24. Ra6 Bb6 25. Ne5 Rac8 26. Nd7 Rc2 27. d5 exd5 28. Nf6+ Kg7 29. Nxd5 Rb2 30. g3 Rcc2 31. Nxb6 axb6 32. a4 g5 33. h3 h5 34. a5 bxa5 35. Rxa5 Kg6 36. Kg2 Rd2 37. Ra4 Rdc2 38. h4 f6 39. hxg5 fxg5 40. Kf3 Rd2 41. g4 hxg4+ 42. Rxg4 Ra2 43. Rb4 Rdc2 44. Rb6+ Kf5 45. e4+ Ke5 46. Rb5+ Kf6 47. Rf5+ Ke6 48. Rxg5 Rc8 49. Rf5 Rh8 50. Kg4 Rh2 51. Kg3 Rh8 52. f3 Rah2 53. Kf4 R8h4+ 54. Ke3 Ra2 55. Rd1 Rhh2 56. Rb1 Rh3 57. Rb6+ Ke7 58. Rb3 Ke6 59. Kf4 Rh4+ 60. Ke3 Rh3 61. Rb6+ Ke7 62. Rfb5 Rhh2 63. e5 Rae2+ 64. Kf4 Rh4+ 65. Kg5 Rh8 66. f4 Rg8+ 67. Kf5 Rf8+ 68. Kg4 Rg2+ 69. Kf3 Rg1 70. Rb7+ Ke6 71. R5b6+ Kf5 72. Rb5 Rf1+ 73. Ke3 Rxf4 1/2-1/2

[Event "Ogolnopolski-ch 55th"]
[Site "Zamosc"]
[Date "2013.??.??"]
[Round "5.35"]
[White "Sikora, Rafal"]
[Black "Glebocki, Piotr"]
[Result "1-0"]
[WhiteElo "1862"]
[BlackElo "1403"]
[PlyCount "45"]
[EventDate "2013.06.07"]
[EventType "swiss"]
[EventRounds "9"]
[EventCountry "POL"]
[SourceTitle "EXT 2014"]
[Source "ChessBase"]
[SourceDate "2013.11.20"]
[SourceVersion "1"]
[SourceVersionDate "2013.11.20"]
[SourceQuality "1"]

1. e4 e5 2. Nf3 Nc6 3. Bc4 Bc5 4. c3 Nf6 5. d4 exd4 6. e5 Nh5 7. cxd4 Bb4+ 8. Nc3 Bxc3+ 9. bxc3 g6 10. Bh6 d5 11. exd6 cxd6 12. 0-0 d5 13. Bb5 f6 14. h3 Kf7 15. Re1 Bd7 16. Qb3 Ne7 17. Re2 a6 18. Bd3 b5 19. Rae1 Re8 20. g4 Ng7 21. Rxe7+ Rxe7 22. Rxe7+ Kxe7 23. Bxg7 1-0

[Event "POL-chT U19 1st League"]
[Site "Suchedniow"]
[Date "2012.07.??"]
[Round "6"]
[White "Mondrzycki, Bartlomiej"]
[Black "Sikora, Rafal"]
[Result "0-1"]
[WhiteElo "2079"]
[BlackElo "1838"]
[PlyCount "118"]
[EventDate "2012.07.21"]
[EventType "team-swiss"]
[EventRounds "9"]
[EventCountry "POL"]
[SourceTitle "EXT 2014"]
[Source "ChessBase"]
[SourceDate "2013.11.20"]
[SourceVersion "1"]
[SourceVersionDate "2013.11.20"]
[SourceQuality "1"]
[WhiteTeam "Wroclaw MUKS MDK Srodmiescie U19"]
[BlackTeam "Tomaszow Lubelski UKS GIM Dwojka U19"]
[WhiteTeamCountry "POL"]
[BlackTeamCountry "POL"]

1. e4 e5 2. Nf3 Nc6 3. Bb5 a6 4. Ba4 Nf6 5. 0-0 b5 6. Bb3 Bb7 7. Re1 Bc5 8. c3 d6 9. d4 Bb6 10. Bg5 h6 11. Bh4 Qd7 12. a4 0-0-0 13. axb5 axb5 14. Bxf6 gxf6 15. Bd5 f5 16. Qd3 fxe4 17. Bxe4 Kb8 18. Bf5 Qe7 19. Qxb5 Qf6 20. Be4 d5 21. Bc2 exd4 22. Nbd2 dxc3 23. bxc3 Qxc3 24. Ba4 Nd4 25. Nxd4 Qxd4 26. Qe2 Rhg8 27. g3 f5 28. Nf3 Qg4 29. Qd3 Qc4 30. Qxc4 dxc4 31. Ne5 Rd5 32. Nd7+ Kc8 33. Nf6 Rd2 34. Nxg8 Bxf2+ 35. Kf1 Bxe1 36. Rxe1 Be4 37. Bd1 Rxh2 38. Nf6 c3 39. Nxe4 fxe4 40. Bg4+ Kb7 41. Kg1 Rd2 42. Be2 Kb6 43. Kf2 Kc5 44. Ke3 Kb4 45. Rh1 Rd6 46. Kxe4 c2 47. Ke3 Kc3 48. Bf3 Kb2 49. Rh2 Kb1 50. Be4 Re6 51. Rh1+ Kb2 52. Rh2 Rxe4+ 53. Kxe4 Kb1 54. Rh1+ c1Q 55. Rxc1+ Kxc1 56. Kf5 c5 57. Ke4 Kd2 58. Kd5 Ke3 59. g4 Kf4 0-1

[Event "POL-chT U19 1st League"]
[Site "Suchedniow"]
[Date "2012.07.??"]
[Round "5"]
[White "Sikora, Rafal"]
[Black "Mucha, Piotr"]
[Result "0-1"]
[WhiteElo "1838"]
[BlackElo "1952"]
[PlyCount "72"]
[EventDate "2012.07.21"]
[EventType "team-swiss"]
[EventRounds "9"]
[EventCountry "POL"]
[SourceTitle "EXT 2014"]
[Source "ChessBase"]
[SourceDate "2013.11.20"]
[SourceVersion "1"]
[SourceVersionDate "2013.11.20"]
[SourceQuality "1"]
[WhiteTeam "Tomaszow Lubelski UKS GIM Dwojka U19"]
[BlackTeam "Katowice Hetman Szopienice U19"]
[WhiteTeamCountry "POL"]
[BlackTeamCountry "POL"]

1. e4 c5 2. c3 d6 3. d4 Nf6 4. Bd3 Nc6 5. d5 Ne5 6. f4 Nxd3+ 7. Qxd3 e6 8. dxe6 Bxe6 9. Nf3 d5 10. e5 c4 11. Qc2 Ne4 12. Be3 Bf5 13. Qa4+ Bd7 14. Qd1 Bg4 15. Qa4+ Bd7 16. Qd1 Qa5 17. 0-0 Bg4 18. Nbd2 Bc5 19. Qe1 Bxf3 20. gxf3 Qb6 21. fxe4 Bxe3+ 22. Kh1 0-0-0 23. Rd1 f6 24. exf6 gxf6 25. Qe2 Bxd2 26. Rxd2 Rhe8 27. Qg4+ Kb8 28. exd5 Qe3 29. Qg2 Rd6 30. Rd4 Red8 31. Rfd1 f5 32. Qg3 Qe2 33. R1d2 Qh5 34. b3 Rg6 35. Qf2 Rdg8 36. d6 Qf3+ 0-1

[Event "POL-chT U19 1st League"]
[Site "Suchedniow"]
[Date "2012.07.??"]
[Round "9"]
[White "Sikora, Rafal"]
[Black "Szolc, Grzegorz"]
[Result "0-1"]
[WhiteElo "1838"]
[BlackElo "1770"]
[PlyCount "100"]
[EventDate "2012.07.21"]
[EventType "team-swiss"]
[EventRounds "9"]
[EventCountry "POL"]
[SourceTitle "EXT 2014"]
[Source "ChessBase"]
[SourceDate "2013.11.20"]
[SourceVersion "1"]
[SourceVersionDate "2013.11.20"]
[SourceQuality "1"]
[WhiteTeam "Tomaszow Lubelski UKS GIM Dwojka U19"]
[BlackTeam "Jaworzno JKSz MCKiS U19"]
[WhiteTeamCountry "POL"]
[BlackTeamCountry "POL"]

1. e4 c5 2. c3 d6 3. d4 Nf6 4. Bd3 cxd4 5. cxd4 g6 6. Ne2 Bg7 7. 0-0 0-0 8. Nbc3 e5 9. Bg5 Nbd7 10. d5 a6 11. b4 b5 12. Qd2 Nb6 13. a4 bxa4 14. Nxa4 Bd7 15. Nac3 Bc8 16. Rfc1 Qd7 17. Ra5 Ne8 18. Be3 Qd8 19. Rca1 f5 20. f3 f4 21. Bf2 Nd7 22. Bxa6 Bxa6 23. Rxa6 Rb8 24. Qb2 g5 25. h3 h5 26. b5 g4 27. Kh1 gxf3 28. gxf3 Qc8 29. Rc6 Qd8 30. Ra7 Kh8 31. Ra1 Bf6 32. Qd2 Rg8 33. Rg1 Rxg1+ 34. Kxg1 Bh4 35. Qe1 Qg5+ 36. Kh2 Bxf2 37. Qxf2 Nc5 38. Nc1 Kh7 39. N1e2 Kh8 40. Kh1 Nd3 41. Qg2 Qh4 42. Rc4 Nf6 43. Qf1 Nf2+ 44. Kh2 Rg8 45. b6 N6g4+ 46. fxg4 Nxg4+ 47. Kh1 Ne3 48. Qf3 Qe1+ 49. Kh2 Nf1+ 50. Kh1 Nd2+ 0-1

[Event "Tomaszow Lubelski Cup"]
[Site "Tomaszow Lubelski"]
[Date "2011.01.21"]
[Round "?"]
[White "Pietras, Daniel"]
[Black "Sikora, Rafal"]
[Result "0-1"]
[WhiteElo "1443"]
[BlackElo "1766"]
[PlyCount "124"]
[EventDate "2011.01.17"]
[EventType "tourn"]
[EventRounds "7"]
[EventCountry "POL"]
[SourceTitle "EXT 2023"]
[Source "ChessBase"]
[SourceDate "2022.10.05"]
[SourceVersion "1"]
[SourceVersionDate "2022.10.05"]
[SourceQuality "1"]

1. e4 a6 2. d4 b5 3. c4 Bb7 4. Nd2 c6 5. c5 d6 6. Nb3 e5 7. dxe5 dxe5 8. Qxd8+ Kxd8 9. g3 Nd7 10. Be3 Ngf6 11. Bg2 Ng4 12. 0-0-0 Nxe3 13. fxe3 Kc7 14. Bh3 Rd8 15. Rxd7+ Rxd7 16. Bxd7 Kxd7 17. Nf3 f6 18. Nh4 g6 19. Ng2 Be7 20. Rd1+ Kc7 21. Rd3 Bc8 22. Ne1 Be6 23. Rc3 h5 24. Nf3 g5 25. Kb1 h4 26. Nbd2 hxg3 27. hxg3 Rh3 28. Nf1 Rh1 29. N3d2 Bh3 30. Rc1 Bxf1 31. Rxf1 Rxf1+ 32. Nxf1 Bxc5 33. Kc2 Kd6 34. g4 Bb6 35. Ng3 Bd8 36. Nf5+ Kc7 37. Kc3 c5 38. a3 a5 39. b4 cxb4+ 40. axb4 axb4+ 41. Kxb4 Kc6 42. Kb3 Kc5 43. Kc3 Ba5+ 44. Kb3 Bd2 45. Ng3 Bxe3 46. Nh5 Kd4 47. Nxf6 Bd2 48. Kc2 Bb4 49. Kb3 Be7 50. Nd5 Bd8 51. Nc3 b4 52. Nb5+ Kxe4 53. Kxb4 Kf3 54. Kc4 Bb6 55. Nd6 e4 56. Nf7 e3 57. Nxg5+ Kxg4 58. Nf7 Kf3 59. Ne5+ Ke4 60. Nd3 e2 61. Kc3 Ba5+ 62. Kc4 Ke3 0-1

[Event "POL-ch qual U15"]
[Site "Lublin"]
[Date "2010.09.24"]
[Round "6.2"]
[White "Sikora, Rafal"]
[Black "Poswiatowski, Michal"]
[Result "0-1"]
[WhiteElo "1751"]
[BlackElo "1910"]
[PlyCount "52"]
[EventDate "2010.09.22"]
[EventType "swiss"]
[EventRounds "9"]
[EventCountry "POL"]
[SourceTitle "EXT 2023"]
[Source "ChessBase"]
[SourceDate "2022.10.05"]
[SourceVersion "1"]
[SourceVersionDate "2022.10.05"]
[SourceQuality "1"]

1. e4 e5 2. Nf3 Nc6 3. Bc4 Nf6 4. Nc3 Be7 5. d3 d6 6. h3 Na5 7. Bb3 Nxb3 8. axb3 0-0 9. 0-0 c5 10. Ne1 d5 11. Bg5 Be6 12. Nf3 d4 13. Ne2 Nd7 14. Bxe7 Qxe7 15. Nd2 a6 16. f4 f5 17. fxe5 Nxe5 18. Nf4 Bd7 19. Qe1 Bc6 20. exf5 Rxf5 21. Qg3 Rg5 22. Qh2 Rf8 23. g3 Nf3+ 24. Nxf3 Qe3+ 25. Kh1 Rxf4 26. gxf4 Bxf3+ 0-1

[Event "POL-chT U19 2nd League"]
[Site "Chelm Lubelski"]
[Date "2010.07.12"]
[Round "8"]
[White "Szusterowski, Przemyslaw"]
[Black "Sikora, Rafal"]
[Result "0-1"]
[WhiteElo "1837"]
[BlackElo "1725"]
[PlyCount "68"]
[EventDate "2010.07.06"]
[EventType "team-tourn"]
[EventRounds "11"]
[EventCountry "POL"]
[SourceTitle "EXT 2011"]
[Source "ChessBase"]
[SourceDate "2010.11.26"]
[SourceVersion "1"]
[SourceVersionDate "2010.11.26"]
[SourceQuality "1"]
[WhiteTeam "Chorzowskie Towarzystwo Szachowe"]
[BlackTeam "Tomaszow Lubelski UKS GIM Dwojka U19"]
[WhiteTeamCountry "POL"]
[BlackTeamCountry "POL"]

1. c4 e6 2. g3 d5 3. cxd5 exd5 4. Bg2 Nf6 5. Nf3 Be7 6. 0-0 0-0 7. d4 Nbd7 8. Nc3 Nb6 9. b3 Bf5 10. Bb2 c6 11. Rc1 Bd6 12. Nh4 Qd7 13. Nxf5 Qxf5 14. f3 Qg5 15. e4 dxe4 16. Nxe4 Nxe4 17. fxe4 Rad8 18. Rf5 Qe7 19. Qg4 Ba3 20. Re5 Qd6 21. Qe2 Bxb2 22. Qxb2 Qxd4+ 23. Qxd4 Rxd4 24. Re7 Rd7 25. Rxd7 Nxd7 26. Bh3 Ne5 27. Rd1 Re8 28. Kf2 f6 29. Ke3 Kf7 30. Rd6 Ke7 31. Rd4 Rd8 32. Rb4 b5 33. a4 Rd3+ 34. Ke2 a5 0-1

[Event "POL-chT U19 2nd League"]
[Site "Chelm Lubelski"]
[Date "2010.07.10"]
[Round "6"]
[White "Boldys, Piotr"]
[Black "Sikora, Rafal"]
[Result "0-1"]
[WhiteElo "1584"]
[BlackElo "1725"]
[PlyCount "138"]
[EventDate "2010.07.06"]
[EventType "team-tourn"]
[EventRounds "11"]
[EventCountry "POL"]
[SourceTitle "EXT 2011"]
[Source "ChessBase"]
[SourceDate "2010.11.26"]
[SourceVersion "1"]
[SourceVersionDate "2010.11.26"]
[SourceQuality "1"]
[WhiteTeam "Rydultowy Ognisko U19"]
[BlackTeam "Tomaszow Lubelski UKS GIM Dwojka U19"]
[WhiteTeamCountry "POL"]
[BlackTeamCountry "POL"]

1. e4 e5 2. Nf3 Nc6 3. d4 exd4 4. Nxd4 Bc5 5. Be3 Qf6 6. c3 Nge7 7. Bc4 0-0 8. 0-0 Bb6 9. Na3 Qg6 10. f3 d6 11. Qd2 Kh8 12. Ndb5 Bxe3+ 13. Qxe3 Bh3 14. Rf2 Rfc8 15. Bxf7 Qxf7 16. gxh3 Ng6 17. f4 d5 18. e5 Qf5 19. Nc2 Qh5 20. Ncd4 Nxd4 21. Nxd4 Rf8 22. f5 Nh4 23. Raf1 c5 24. Ne6 Rxf5 25. Nxc5 Rxf2 26. Qxf2 Ng6 27. Qf5 Qxf5 28. Rxf5 b6 29. Nd3 Re8 30. Kf2 Ne7 31. Rh5 g6 32. Rg5 Kg7 33. Nf4 h6 34. Rg1 Rf8 35. Ke3 Rf5 36. e6 g5 37. Nd3 Kf6 38. Nb4 Kxe6 39. Nc2 Re5+ 40. Kd3 Nf5 41. Nd4+ Nxd4 42. cxd4 Re4 43. Rf1 Rh4 44. Rf3 h5 45. Rg3 g4 46. hxg4 hxg4 47. Rg2 Rh3+ 48. Kd2 Kf5 49. Re2 Kf4 50. b3 Rf3 51. Rg2 Kg5 52. Re2 Kh4 53. Rg2 Kh3 54. Re2 a5 55. Kc2 Rf1 56. Kc3 Rh1 57. Re5 Rxh2 58. Rh5+ Kg2 59. Rxd5 g3 60. Kc4 Kf1 61. a4 g2 62. Rf5+ Kg1 63. Kb5 Rh6 64. d5 Rg6 65. d6 Rxd6 66. Rg5 Rf6 67. b4 axb4 68. Kxb4 Kf2 69. a5 bxa5+ 0-1

[Event "POL-chT U19 2nd League"]
[Site "Chelm Lubelski"]
[Date "2010.07.06"]
[Round "2"]
[White "Palka, Dominika"]
[Black "Sikora, Rafal"]
[Result "1-0"]
[WhiteElo "1740"]
[BlackElo "1725"]
[PlyCount "95"]
[EventDate "2010.07.06"]
[EventType "team-tourn"]
[EventRounds "11"]
[EventCountry "POL"]
[SourceTitle "EXT 2011"]
[Source "ChessBase"]
[SourceDate "2010.11.26"]
[SourceVersion "1"]
[SourceVersionDate "2010.11.26"]
[SourceQuality "1"]
[WhiteTeam "Warszawa UKS Czternastka U19"]
[BlackTeam "Tomaszow Lubelski UKS GIM Dwojka U19"]
[WhiteTeamCountry "POL"]
[BlackTeamCountry "POL"]

1. e4 e5 2. Nf3 Nc6 3. d4 exd4 4. Nxd4 Bc5 5. Be3 Qf6 6. c3 Nge7 7. Bc4 0-0 8. 0-0 Bb6 9. Na3 Ne5 10. f4 Nxc4 11. Nxc4 d5 12. Nxb6 axb6 13. e5 Qg6 14. Qf3 Bf5 15. Nxf5 Nxf5 16. Bf2 Rfd8 17. Kh1 h5 18. Rfd1 Qg4 19. Qxg4 hxg4 20. Rd2 Rd7 21. Kg1 Kf8 22. Kf1 Ke7 23. b3 Rh8 24. Kg1 Ke6 25. Rad1 Rhd8 26. Rd3 b5 27. h3 gxh3 28. Rxh3 Ra8 29. Rd2 Rdd8 30. g4 Nh6 31. Rg3 Ra6 32. Be3 Rda8 33. Rgg2 b6 34. f5+ Kxe5 35. Bd4+ Kf4 36. Bxg7 Nxg4 37. Rd4+ Kxf5 38. Rgxg4 Rxa2 39. Rgf4+ Kg6 40. Rg4+ Kf5 41. Rgf4+ Kg6 42. Be5 Ra1+ 43. Rf1 Rxf1+ 44. Kxf1 c6 45. Rd3 Kf5 46. Bc7 Ke4 47. Ke2 Ra2+ 48. Rd2 1-0

[Event "POL-ch U16"]
[Site "Karpacz"]
[Date "2010.03.12"]
[Round "9"]
[White "Chomski, Maciej"]
[Black "Sikora, Rafal"]
[Result "1/2-1/2"]
[WhiteElo "1836"]
[BlackElo "1729"]
[PlyCount "103"]
[EventDate "2010.03.06"]
[EventType "swiss"]
[EventRounds "11"]
[EventCountry "POL"]
[SourceTitle "CBM 135 Extra"]
[Source "ChessBase"]
[SourceDate "2010.05.04"]
[SourceVersion "1"]
[SourceVersionDate "2010.05.04"]
[SourceQuality "1"]

1. e4 e5 2. Nf3 Nc6 3. Bb5 a6 4. Ba4 Nf6 5. 0-0 b5 6. Bb3 Bb7 7. Re1 Bc5 8. c3 d6 9. d4 Bb6 10. a4 0-0 11. h3 h6 12. Bc2 exd4 13. Nxd4 Nxd4 14. cxd4 Re8 15. f3 c5 16. Be3 Qc7 17. Na3 cxd4 18. Bxd4 b4 19. Nc4 Bxd4+ 20. Qxd4 d5 21. exd5 Bxd5 22. Bb3 Qg3 23. Qf2 Qf4 24. Nd2 Rxe1+ 25. Rxe1 Rd8 26. Bxd5 Rxd5 27. Nf1 b3 28. Ra1 Qc7 29. Ra3 Rd3 30. Ne3 Qc1+ 31. Nf1 Qc2 32. Ra1 Nd5 33. Qe1 Qc5+ 34. Kh1 Ne3 35. Nxe3 Rxe3 36. Qd2 Qe7 37. Rc1 Re2 38. Qc3 Qg5 39. Rg1 Qd5 40. Rc1 g6 41. Qf6 Qd7 42. Qxa6 Rc2 43. Rg1 Rxb2 44. a5 Ra2 45. Qb6 b2 46. a6 Qa4 47. Qb8+ Kh7 48. Qc7 Qb3 49. Qb7 Ra3 50. Qxb3 Rxb3 51. Rb1 Ra3 52. Rxb2 1/2-1/2

[Event "POL-ch U16"]
[Site "Karpacz"]
[Date "2010.03.09"]
[Round "5"]
[White "Sikora, Rafal"]
[Black "Gora, Jan"]
[Result "1/2-1/2"]
[WhiteElo "1729"]
[BlackElo "1841"]
[PlyCount "82"]
[EventDate "2010.03.06"]
[EventType "swiss"]
[EventRounds "11"]
[EventCountry "POL"]
[SourceTitle "CBM 135 Extra"]
[Source "ChessBase"]
[SourceDate "2010.05.04"]
[SourceVersion "1"]
[SourceVersionDate "2010.05.04"]
[SourceQuality "1"]

1. e4 c5 2. c3 d6 3. d4 Nf6 4. Bd3 e5 5. Bg5 Nbd7 6. Nf3 Be7 7. 0-0 0-0 8. Nbd2 h6 9. Bh4 Nh5 10. Bg3 Nxg3 11. hxg3 Qc7 12. dxe5 dxe5 13. Qb3 Nb6 14. Bc4 Nxc4 15. Qxc4 Be6 16. Qe2 c4 17. Rfd1 b5 18. Nf1 Rad8 19. Ne3 Bc5 20. Nd5 Bxd5 21. Rxd5 Rxd5 22. exd5 Re8 23. b3 e4 24. Nd4 Bxd4 25. cxd4 Qb6 26. bxc4 Qxd4 27. Rd1 Qxc4 28. Qxc4 bxc4 29. Rc1 Rc8 30. d6 f5 31. d7 Rd8 32. Rxc4 Rxd7 33. Kf1 Kf7 34. Ke2 Ke6 35. Ra4 Kf6 36. Ke3 Kg5 37. Ra6 g6 38. a4 h5 39. Ke2 Rg7 40. f3 f4 41. Ra5+ Kf6 1/2-1/2